| 000 | 01258nam a2200337 a 4500 | ||
|---|---|---|---|
| 001 | 000114708 | ||
| 003 | CHAP | ||
| 005 | 20220329144454.0 | ||
| 008 | 180322s2018 mx a fsm |||||||spa d | ||
| 010 | _a111169 | ||
| 011 | _a112141 | ||
| 040 | _cCHAP | ||
| 090 | _aTesis | ||
| 100 | 1 |
_aCano Villegas, Teresita de Jesús _9134987 |
|
| 245 | 1 | 0 |
_aTipología de hogares agrícolas del Municipio de Tierra Blanca Veracruz, México / _h[En línea] _cpor Teresita de Jesús Cano Villegas. |
| 260 |
_aChapingo, Méx. : _bEl autor, _c2018. |
||
| 500 | _aPara ver el contenido del material haga clic en la liga | ||
| 502 | _aTesis (Maestra en Gestión del Desarrollo Rural) -- UACH. Dirección de Centros Regionales Universitarios | ||
| 590 |
_aBATCH _b00 _c20181121 _lUCH01 _h0759 |
||
| 590 |
_aE8697GMM _b05 _c20180322 _lUCH01 _h1415 |
||
| 590 |
_aE8697GMM _b05 _c20180322 _lUCH01 _h1423 |
||
| 590 |
_aE8697GMM _b05 _c20180323 _lUCH01 _h0921 |
||
| 650 | 1 | 4 |
_aAgricultura de subsistencia _91998 |
| 650 | 1 | 4 |
_aAgricultura _zVeracruz. _91941 |
| 650 | 1 | 4 |
_aDesarrollo de la comunidad rural _xVeracruz. _932031 |
| 856 |
_a1 _n0001253 |
||
| 856 |
_aFinding aid _uhttp://10.13.5.2/tesis/sist114708.pdf _zTeclea aquí |
||
| 901 | _aBK | ||
| 942 | _cTESIS | ||
| 942 | _n0 | ||
| 999 |
_c111169 _d111169 |
||